000 00275nam a2200121Ia 4500
005 20250603145250.0
008 250603s9999 xx 000 0 und d
050 _aKP 35 .S52/
245 0 _aLaws of sokoto state of nigeria
260 _c1996
300 _a636 p
942 _cBK
999 _c41350
_d41350